[Event "Tradewise Gibraltar Chess Festival 2014 "]
[Site "The Caleta Hotel - Gibraltar"]
[Date "2014.01.30"]
[Round "3.100"]
[White "Edakina, Anastasia"]
[Black "Kenney, Jason"]
[Result "0-1"]
[WhiteElo "1756"]
[BlackElo "2112"]
[PlyCount "78"]
[EventDate "2014.01.28"]

1. e4 c5 2. Nf3 d6 3. d4 cxd4 4. Nxd4 Nf6 5. Nc3 a6 6. Be2 e5 7. Nb3 Be7 8. O-O
O-O 9. Kh1 b6 10. Be3 Bb7 11. f3 Nbd7 12. Qd2 Qc7 13. Rfd1 Rfc8 14. Bd3 Rf8 15.
Nc1 Rad8 16. Be2 Nc5 17. Nd5 Nxd5 18. exd5 f5 19. c4 Nd7 20. b3 Bc8 21. Nd3 Rf7
22. Nb4 f4 23. Bf2 g5 24. Nc6 Re8 25. Nxe7+ Rexe7 26. Rac1 h5 27. h3 g4 28. Qd3
g3 29. Be1 Rg7 30. b4 e4 31. fxe4 Ne5 32. Qc3 Bxh3 33. Bxh5 Bg4 34. Bxg4 Rxg4
35. Kg1 Rh7 36. c5 Rh1+ 37. Kxh1 Qh7+ 38. Kg1 Qh2+ 39. Kf1 Qh1+ 0-1

[Event "Tradewise Gibraltar Chess Festival 2014 "]
[Site "The Caleta Hotel - Gibraltar"]
[Date "2014.01.30"]
[Round "3.103"]
[White "Gajic, Mladen"]
[Black "Jorgensen, Line Jin"]
[Result "1-0"]
[WhiteElo "2246"]
[BlackElo "1925"]
[PlyCount "55"]
[EventDate "2014.01.28"]

1. b3 e6 2. Bb2 Nf6 3. e3 d5 4. Nf3 Be7 5. Be2 O-O 6. O-O Nbd7 7. c4 c6 8. Qc2
Re8 9. d4 Ne4 10. Rd1 f5 11. Ne5 Rf8 12. f3 Nxe5 13. dxe5 Ng5 14. Kh1 Bd7 15.
Nc3 Rc8 16. Qd2 Qe8 17. e4 Nf7 18. exf5 Nxe5 19. f4 Nf7 20. fxe6 Bxe6 21. cxd5
cxd5 22. Nxd5 Bxd5 23. Qxd5 Rd8 24. Qf3 Nd6 25. Rac1 Nf5 26. Bd3 Kh8 27. Qg4
Rg8 28. Qxf5 1-0

[Event "Tradewise Gibraltar Chess Festival 2014 "]
[Site "The Caleta Hotel - Gibraltar"]
[Date "2014.01.30"]
[Round "3.104"]
[White "Berry, Neil"]
[Black "Machlik, Jon"]
[Result "0-1"]
[WhiteElo "2227"]
[BlackElo "1891"]
[PlyCount "128"]
[EventDate "2014.01.28"]

1. d4 f5 2. g3 Nf6 3. Bg2 e6 4. Nf3 d5 5. O-O Bd6 6. c4 c6 7. Nc3 O-O 8. Qc2
Qe7 9. Rb1 Nbd7 10. Bf4 Bxf4 11. gxf4 Ne4 12. b4 Rf6 13. b5 Rh6 14. e3 Ndf6 15.
Ne2 Bd7 16. bxc6 Bxc6 17. c5 Rf8 18. Nc3 Nd7 19. Nb5 Ra8 20. Rb2 a6 21. Nc3 Rf8
22. Rfb1 Qe8 23. Ne2 Qc8 24. Ng3 Rff6 25. Ne5 Nxe5 26. dxe5 Rf7 27. f3 Nxg3 28.
hxg3 Bb5 29. Bf1 Bxf1 30. Rxf1 Rc7 31. Rc1 Qe8 32. Qg2 Qa4 33. Rbc2 Rg6 34. Qh2
d4 35. exd4 Qxd4+ 36. Kg2 Qxf4 37. Rd1 Qxe5 38. Rd8+ Kf7 39. Qh4 f4 40. g4 h5
41. Rcd2 Qxc5 42. R2d4 Qe5 43. Rd2 Re7 44. R8d7 Rxd7 45. Rxd7+ Kg8 46. Rd8+ Kh7
47. Rd2 b5 48. Kh2 Qe3 49. Rf2 Qe1 50. Kg2 Qe5 51. Kh2 a5 52. Rg2 Qg5 53. Qf2
b4 54. Kg1 Qe5 55. Qc2 Qe3+ 56. Rf2 hxg4 57. fxg4 Kh6 58. Kf1 Rxg4 59. Qc8 Qd3+
60. Re2 Qf3+ 61. Ke1 Rg1+ 62. Kd2 Qd5+ 63. Kc2 Qxa2+ 64. Kd3 Rd1+ 0-1

[Event "Tradewise Gibraltar Chess Festival 2014 "]
[Site "The Caleta Hotel - Gibraltar"]
[Date "2014.01.30"]
[Round "3.105"]
[White "Dolzhikova, Olga"]
[Black "Roser, Ludwig"]
[Result "1-0"]
[WhiteElo "2203"]
[BlackElo "1882"]
[PlyCount "69"]
[EventDate "2014.01.28"]

1. e4 d6 2. d4 e5 3. Nf3 exd4 4. Nxd4 Nf6 5. Nc3 Be7 6. h3 Nbd7 7. Be3 Nc5 8.
f3 Nh5 9. g4 Bh4+ 10. Kd2 Ng3 11. Rg1 Nxf1+ 12. Qxf1 h6 13. Rd1 Bd7 14. Kc1 c6
15. Nf5 O-O 16. Bxc5 Bxf5 17. gxf5 Be7 18. f6 Bxf6 19. Rxd6 Qe7 20. Rxf6 Qxf6
21. Bxf8 Rxf8 22. f4 Qd4 23. Kb1 b5 24. Qd1 Qe3 25. Qg4 g6 26. f5 g5 27. h4 f6
28. hxg5 hxg5 29. Rh1 Kf7 30. a3 a5 31. Qd1 Ke8 32. Qd6 Qf3 33. Qxc6+ Ke7 34.
Rh7+ Rf7 35. Qc7+ 1-0

[Event "Tradewise Gibraltar Chess Festival 2014 "]
[Site "The Caleta Hotel - Gibraltar"]
[Date "2014.01.30"]
[Round "3.106"]
[White "Bjorn, Lasse E"]
[Black "Byron, Alan M"]
[Result "0-1"]
[WhiteElo "1879"]
[BlackElo "2147"]
[PlyCount "114"]
[EventDate "2014.01.28"]

1. d4 Nf6 2. c4 g6 3. Nc3 Bg7 4. e4 d6 5. Nf3 O-O 6. Be2 Na6 7. O-O e5 8. d5
Nc5 9. Qc2 a5 10. Be3 b6 11. a3 a4 12. Nd2 Bd7 13. f3 Nh5 14. Nb5 f5 15. b4
axb3 16. Nxb3 Nxb3 17. Qxb3 Nf4 18. Bd1 Rf7 19. Ra2 Nh5 20. Be2 Nf6 21. Qd3 f4
22. Bf2 g5 23. Rfa1 h5 24. a4 Bf8 25. a5 bxa5 26. Qc3 Ne8 27. Rxa5 Rxa5 28.
Rxa5 Rg7 29. c5 Bxb5 30. Bxb5 g4 31. Bc6 g3 32. hxg3 fxg3 33. Be3 Nf6 34. Ra8
Qe7 35. Bh6 Rf7 36. Bg5 dxc5 37. Re8 Nxe4 38. Bxe7 Nxc3 39. Bxc5 Kg7 40. Bxf8+
Rxf8 41. Rxe5 Rb8 42. Kf1 Rb1+ 43. Re1 Rb2 44. Rc1 Rf2+ 45. Ke1 Re2+ 46. Kf1
Rf2+ 47. Ke1 Na2 48. Rc4 Rxg2 49. Be8 Rg1+ 50. Ke2 Nc1+ 51. Ke3 Re1+ 52. Kd2
Re2+ 53. Kc3 Rxe8 54. Rxc7+ Kg6 55. d6 g2 56. d7 Rd8 57. Rc8 Rxd7 0-1

[Event "Tradewise Gibraltar Chess Festival 2014 "]
[Site "The Caleta Hotel - Gibraltar"]
[Date "2014.01.30"]
[Round "3.107"]
[White "Dasaolu, Rotimi"]
[Black "Densing, Gerd"]
[Result "1-0"]
[WhiteElo "2077"]
[BlackElo "1875"]
[PlyCount "41"]
[EventDate "2014.01.28"]

1. c4 b6 2. d4 Bb7 3. Nc3 e6 4. e4 Bb4 5. Bd3 f5 6. Qe2 Nf6 7. f3 Bxc3+ 8. bxc3
fxe4 9. fxe4 Nxe4 10. Qh5+ g6 11. Qh6 Qf6 12. Nf3 Nxc3 13. Bg5 Qf8 14. Qh4 Bxf3
15. O-O Nc6 16. Rxf3 Qg8 17. Raf1 Nb4 18. Be4 Nxe4 19. Qxe4 d5 20. Qe5 Nc6 21.
Qxc7 1-0

[Event "Tradewise Gibraltar Chess Festival 2014 "]
[Site "The Caleta Hotel - Gibraltar"]
[Date "2014.01.30"]
[Round "3.108"]
[White "Gravett, Alan D"]
[Black "Suez-Panama, Gilles"]
[Result "0-1"]
[WhiteElo "1872"]
[BlackElo "2071"]
[PlyCount "98"]
[EventDate "2014.01.28"]

1. Nf3 Nf6 2. g3 d5 3. c4 c6 4. Bg2 Bf5 5. O-O Nbd7 6. cxd5 cxd5 7. Nc3 e6 8.
d3 Be7 9. Qb3 Nc5 10. Qd1 Rc8 11. d4 Ncd7 12. Bf4 a6 13. Nh4 Bg4 14. Qd2 Nh5
15. e4 Nxf4 16. Qxf4 Bh5 17. g4 g5 18. Qf3 dxe4 19. Nxe4 Bg6 20. Nxg6 hxg6 21.
Rac1 O-O 22. Qe3 Nb6 23. Rxc8 Nxc8 24. Nc5 Nd6 25. Nxb7 Nxb7 26. Bxb7 Qb6 27.
Qb3 Qxd4 28. Bf3 Bd6 29. Qe3 Qxb2 30. Qxg5 Kg7 31. Rd1 Qa3 32. Bg2 Rh8 33. h3
Be7 34. Qe5+ Bf6 35. Qe2 Rb8 36. Bf1 Qc5 37. Qc4 Qxc4 38. Bxc4 a5 39. Rd2 Rb4
40. Bb3 a4 41. Bd1 Bc3 42. Rd3 Bd4 43. Kf1 e5 44. Ra3 Rb1 45. Ke2 Rb2+ 46. Kd3
Rxf2 47. Ke4 f5+ 48. gxf5 gxf5+ 49. Kd5 Rd2 0-1

[Event "Tradewise Gibraltar Chess Festival 2014 "]
[Site "The Caleta Hotel - Gibraltar"]
[Date "2014.01.30"]
[Round "3.109"]
[White "Biegel, Thomas"]
[Black "Whatley, Stephen A J"]
[Result "1/2-1/2"]
[WhiteElo "2059"]
[BlackElo "1864"]
[PlyCount "70"]
[EventDate "2014.01.28"]

1. Nf3 f5 2. d3 d5 3. c4 e6 4. g3 Nf6 5. Bg2 c6 6. O-O Na6 7. Qc2 Bd6 8. Nc3
O-O 9. e4 fxe4 10. dxe4 dxe4 11. Ng5 e5 12. Ncxe4 Bf5 13. c5 Bc7 14. Qb3+ Nd5
15. Qxb7 Nab4 16. Bd2 a5 17. Bxb4 Qd7 18. Rad1 Rfb8 19. Rxd5 cxd5 20. Nf6+ gxf6
21. Qxd5+ Qxd5 22. Bxd5+ Kg7 23. Bxa8 axb4 24. Be4 Bg4 25. Bf3 Bf5 26. Ne4 Be6
27. Rd1 Kf7 28. Nd6+ Ke7 29. Bd5 Bxd6 30. cxd6+ Kxd6 31. Bxe6+ Kxe6 32. Rd3 Ra8
33. Rb3 Ra4 34. Kg2 Kd5 35. Kf3 Kc4 1/2-1/2

[Event "Tradewise Gibraltar Chess Festival 2014 "]
[Site "The Caleta Hotel - Gibraltar"]
[Date "2014.01.30"]
[Round "3.110"]
[White "Freuler, Roman"]
[Black "George, Lolomari Erekosima"]
[Result "1-0"]
[WhiteElo "2048"]
[BlackElo "1853"]
[PlyCount "91"]
[EventDate "2014.01.28"]

1. e4 c6 2. d4 d5 3. Nc3 dxe4 4. Nxe4 Bf5 5. Ng3 Bg6 6. Nf3 Nd7 7. h4 h6 8. Bd3
Bxd3 9. Qxd3 Qc7 10. Bd2 Ngf6 11. O-O-O e6 12. Rhe1 O-O-O 13. Qe2 c5 14. Kb1
cxd4 15. Nxd4 a6 16. Nb3 Bc5 17. Nxc5 Nxc5 18. Bc3 Qc6 19. Bd4 Rd5 20. Bxf6
gxf6 21. Rxd5 Qxd5 22. Ne4 Rd8 23. Nxc5 Qxc5 24. g3 Rd4 25. Qe3 h5 26. b3 a5
27. a4 Qd6 28. Kb2 Kb8 29. Re2 f5 30. Qf3 f4 31. Qxh5 fxg3 32. fxg3 Rd1 33. Qe5
Qxe5+ 34. Rxe5 b6 35. h5 Rh1 36. g4 Kc7 37. Rg5 Rh3 38. Rg7 Kd6 39. Rxf7 Rg3
40. Rg7 e5 41. h6 e4 42. h7 Rh3 43. g5 e3 44. Kc3 e2+ 45. Kd2 Re3 46. Ke1 1-0

[Event "Tradewise Gibraltar Chess Festival 2014 "]
[Site "The Caleta Hotel - Gibraltar"]
[Date "2014.01.30"]
[Round "3.111"]
[White "Cruz Fiallos, Hamilton Tarley"]
[Black "Skutta, Bernd"]
[Result "1-0"]
[WhiteElo "1844"]
[BlackElo "2048"]
[PlyCount "75"]
[EventDate "2014.01.28"]

1. e4 d6 2. d4 Nf6 3. Bd3 e5 4. Nf3 Nc6 5. d5 Ne7 6. c4 Ng6 7. Nc3 Be7 8. O-O
O-O 9. b4 a5 10. Qb3 axb4 11. Qxb4 Nd7 12. Be3 b6 13. a4 Nc5 14. Bc2 Ra5 15.
Nb5 f5 16. exf5 Bxf5 17. Bxf5 Rxf5 18. Bxc5 dxc5 19. Qb1 Rf4 20. Nd2 Bd6 21. g3
Rf8 22. Ne4 Ne7 23. Ng5 Rf5 24. h4 g6 25. Rd1 Nc8 26. Qe4 Qf6 27. Qg4 Ra8 28.
Nc3 Ne7 29. Nce4 Qg7 30. Ne6 Qf7 31. Rdb1 Rh5 32. a5 b5 33. Rxb5 h6 34. a6 Nc8
35. a7 Rxa7 36. Rxa7 Nxa7 37. Rb8+ Kh7 38. Rb7 1-0

[Event "Tradewise Gibraltar Chess Festival 2014 "]
[Site "The Caleta Hotel - Gibraltar"]
[Date "2014.01.30"]
[Round "3.112"]
[White "Stewart, Ashley"]
[Black "Christophe-Hayot, Romain"]
[Result "1-0"]
[WhiteElo "2038"]
[BlackElo "1842"]
[PlyCount "111"]
[EventDate "2014.01.28"]

1. d4 Nf6 2. Nf3 b6 3. g3 Ba6 4. Bg2 c6 5. O-O e6 6. Re1 d6 7. e4 Be7 8. e5
dxe5 9. Nxe5 Bb7 10. b3 O-O 11. Bb2 Nbd7 12. Nxd7 Nxd7 13. c4 Bf6 14. Nc3 Be7
15. d5 cxd5 16. cxd5 exd5 17. Nxd5 Bxd5 18. Qxd5 Rc8 19. Rad1 Bf6 20. Bxf6 Nxf6
21. Qxd8 Rfxd8 22. Bb7 Rxd1 23. Rxd1 Re8 24. Bc6 Rc8 25. b4 Kf8 26. b5 Ke7 27.
Rd4 g5 28. h3 Rc7 29. Kg2 Ke6 30. Rd8 Ke7 31. Ra8 Kd6 32. f4 gxf4 33. gxf4 Kc5
34. Rd8 a6 35. a4 axb5 36. axb5 Ra7 37. Rd3 Ra4 38. Kf3 Ra1 39. Re3 Rf1+ 40.
Kg3 Nh5+ 41. Kg2 Rxf4 42. Re5+ Kd4 43. Rxh5 Ke3 44. Rxh7 Rf2+ 45. Kg3 Rf1 46.
h4 Rg1+ 47. Bg2 f5 48. Re7+ Kd4 49. h5 f4+ 50. Kf3 Rb1 51. Re4+ Kc3 52. Re5 Kd4
53. Rg5 Rb3+ 54. Kxf4 Rb2 55. h6 Rf2+ 56. Bf3 1-0

[Event "Tradewise Gibraltar Chess Festival 2014 "]
[Site "The Caleta Hotel - Gibraltar"]
[Date "2014.01.30"]
[Round "3.113"]
[White "Holleland, Sigve"]
[Black "Hughes, Roy"]
[Result "0-1"]
[WhiteElo "1812"]
[BlackElo "2027"]
[PlyCount "82"]
[EventDate "2014.01.28"]

1. d4 d5 2. c4 c6 3. Nf3 Nf6 4. Nc3 dxc4 5. a4 Bf5 6. e3 e6 7. Bxc4 Bb4 8. O-O
Qc7 9. h3 Nbd7 10. Bd3 Bxd3 11. Qxd3 Rd8 12. Qc4 a5 13. Na2 Bd6 14. b4 O-O 15.
Bd2 Ne4 16. Be1 axb4 17. Nxb4 Rfe8 18. a5 Ra8 19. Qc2 Nef6 20. Nd3 e5 21. dxe5
Nxe5 22. Ndxe5 Bxe5 23. Nxe5 Rxe5 24. Bc3 Rc5 25. Qb2 Rb5 26. Qe2 Ne4 27. Bd4
Rbxa5 28. Qg4 f5 29. Rxa5 Rxa5 30. Qh5 Qf7 31. Qh4 g5 32. Qh6 Ra6 33. Rd1 c5
34. Bf6 Qxf6 35. Qh5 Re6 36. Rd7 Re7 37. Rd8+ Kg7 38. Qd1 b5 39. Qd5 Qe6 40.
Qd1 c4 41. Qb1 Qe5 0-1

[Event "Tradewise Gibraltar Chess Festival 2014 "]
[Site "The Caleta Hotel - Gibraltar"]
[Date "2014.01.30"]
[Round "3.114"]
[White "Weinstein, Shaul"]
[Black "Rygg, Snorre"]
[Result "1-0"]
[WhiteElo "2025"]
[BlackElo "1840"]
[PlyCount "31"]
[EventDate "2014.01.28"]

1. d4 f5 2. Nc3 e6 3. e4 fxe4 4. Nxe4 Nf6 5. Bg5 Be7 6. Nxf6+ Bxf6 7. h4 Nc6 8.
Nf3 d6 9. Qd2 Bd7 10. O-O-O Qe7 11. d5 exd5 12. Re1 Be6 13. Bb5 O-O 14. Bxc6
bxc6 15. Nd4 Bxg5 16. hxg5 1-0

[Event "Tradewise Gibraltar Chess Festival 2014 "]
[Site "The Caleta Hotel - Gibraltar"]
[Date "2014.01.30"]
[Round "3.115"]
[White "Hamer, Martyn"]
[Black "Steenbergen, Pepijn"]
[Result "1-0"]
[WhiteElo "2017"]
[BlackElo "1772"]
[PlyCount "81"]
[EventDate "2014.01.28"]

1. Nf3 Nf6 2. c4 g6 3. g3 Bg7 4. Bg2 O-O 5. O-O d6 6. d4 Nbd7 7. Nc3 e5 8. e4
c6 9. Rb1 Re8 10. h3 Rb8 11. d5 c5 12. a3 a6 13. b4 Qc7 14. Qd3 b5 15. Nd2 Bh6
16. cxb5 Bxd2 17. Bxd2 c4 18. Qe2 axb5 19. Be3 Ba6 20. f4 Nh5 21. Kh2 Ng7 22.
f5 gxf5 23. exf5 f6 24. g4 Rf8 25. Be4 Kf7 26. Qf2 Rh8 27. g5 fxg5 28. Bxg5 Nh5
29. Qh4 Nhf6 30. Rf3 h5 31. Rg1 Rbg8 32. Rfg3 Qb8 33. Bf3 Ng4+ 34. Bxg4 hxg4
35. Qxg4 Nf6 36. Qf3 Nh5 37. Rg4 Bc8 38. Ne4 Bd7 39. Be3 Nf6 40. Nxf6 Kxf6 41.
Rg6+ 1-0

[Event "Tradewise Gibraltar Chess Festival 2014 "]
[Site "The Caleta Hotel - Gibraltar"]
[Date "2014.01.30"]
[Round "3.116"]
[White "Nielsen, Peter"]
[Black "Goncalves, Jose Antonio Silvei"]
[Result "0-1"]
[WhiteElo "1759"]
[BlackElo "1999"]
[PlyCount "96"]
[EventDate "2014.01.28"]

1. e4 e5 2. Nf3 Nc6 3. Bb5 Nf6 4. d3 Bc5 5. c3 d6 6. O-O O-O 7. Bg5 h6 8. Bh4
g5 9. Bg3 Bb6 10. Nbd2 Bg4 11. h3 Bh5 12. Nc4 Ne7 13. Qd2 Bxf3 14. gxf3 Ng6 15.
Ne3 Nh5 16. Kh2 Nhf4 17. Nf5 Kh7 18. d4 Qf6 19. dxe5 dxe5 20. Rad1 Rad8 21. Qc2
Ne6 22. Rxd8 Rxd8 23. Rd1 h5 24. Rxd8 Qxd8 25. Kg2 h4 26. Bh2 c6 27. Bc4 Qd7
28. b4 Bc7 29. a4 b5 30. axb5 cxb5 31. Bf1 Bb6 32. Kh1 Qc6 33. Qd3 a6 34. Qd2
f6 35. Kg1 Ng7 36. Qd6 Qxd6 37. Nxd6 Ne7 38. Bd3 Ne6 39. Kf1 Bc7 40. Ne8 Kg6
41. f4 gxf4 42. Nxc7 Nxc7 43. f3 f5 44. exf5+ Nxf5 45. c4 bxc4 46. Be4 Kf6 47.
Bxf5 Kxf5 48. Bg1 Ne6 0-1

[Event "Tradewise Gibraltar Chess Festival 2014 "]
[Site "The Caleta Hotel - Gibraltar"]
[Date "2014.01.30"]
[Round "3.117"]
[White "Kenney, David"]
[Black "Kristinsson, Magnus"]
[Result "0-1"]
[WhiteElo "1999"]
[BlackElo "1741"]
[PlyCount "84"]
[EventDate "2014.01.28"]

1. d4 Nf6 2. Nf3 d5 3. e3 g6 4. Bd3 Bg7 5. Nbd2 O-O 6. O-O Nc6 7. c3 e5 8. dxe5
Ng4 9. e4 Ncxe5 10. Bc2 Be6 11. h3 Nxf3+ 12. Nxf3 Ne5 13. Nxe5 Bxe5 14. f4 Bg7
15. f5 Bd7 16. exd5 Bb5 17. Re1 Qd6 18. Qf3 Rad8 19. Bb3 Be5 20. Be3 Rfe8 21.
Rad1 b6 22. Bf2 Kg7 23. a4 Ba6 24. g4 f6 25. fxg6 hxg6 26. Kg2 Rf8 27. Bd4 Rde8
28. Bf2 Re7 29. Re3 Bc8 30. Rde1 f5 31. Rxe5 Rxe5 32. Rxe5 fxg4 33. Qe2 gxh3+
34. Kg1 h2+ 35. Kxh2 Rxf2+ 36. Qxf2 Qxe5+ 37. Kg2 Bf5 38. c4 Qe4+ 39. Kg1 g5
40. Ba2 Kf6 41. Bb3 Qg4+ 42. Kh2 Qh3+ 0-1

[Event "Tradewise Gibraltar Chess Festival 2014 "]
[Site "The Caleta Hotel - Gibraltar"]
[Date "2014.01.30"]
[Round "3.119"]
[White "Hermes, Geoff R"]
[Black "Neumanova, Monika"]
[Result "0-1"]
[WhiteElo "1998"]
[BlackElo "1719"]
[PlyCount "90"]
[EventDate "2014.01.28"]

1. e4 c5 2. c3 d5 3. exd5 Qxd5 4. d4 e6 5. Nf3 Nf6 6. Na3 a6 7. Be3 Ng4 8. Nc4
Nd7 9. Bg5 cxd4 10. Qxd4 Qxd4 11. Nxd4 b5 12. Na5 Bc5 13. Bh4 O-O 14. h3 Nge5
15. Be2 Bb6 16. Ndb3 Ng6 17. Bg3 e5 18. O-O Re8 19. Rfe1 f5 20. Bh5 e4 21. Bxg6
hxg6 22. Rad1 g5 23. Bd6 e3 24. fxe3 Bxe3+ 25. Kf1 Nf6 26. Bc5 Bf4 27. Rxe8+
Nxe8 28. Rd8 Kf7 29. Kf2 Bc7 30. Rd2 Nf6 31. Ke2 Ne4 32. Rd5 Be6 33. Rd1 Nxc5
34. Nxc5 Bxa5 35. Rd6 Bc4+ 36. Kd2 b4 37. Rd7+ Kf8 38. b3 bxc3+ 39. Kc2 Bf7 40.
Nb7 Bb4 41. Nd8 Bg8 42. Nc6 a5 43. Ne5 Bh7 44. Nc4 f4+ 45. Kc1 Re8 0-1

[Event "Tradewise Gibraltar Chess Festival 2014 "]
[Site "The Caleta Hotel - Gibraltar"]
[Date "2014.01.30"]
[Round "3.120"]
[White "Villa Armenta, Enrique"]
[Black "Olsen, Miriam F"]
[Result "1-0"]
[WhiteElo "1718"]
[BlackElo "1997"]
[PlyCount "43"]
[EventDate "2014.01.28"]

1. Nf3 Nf6 2. d4 e6 3. g3 b5 4. Bg2 d5 5. O-O Bb7 6. Bf4 Nbd7 7. Nbd2 c5 8. c3
Be7 9. a4 b4 10. a5 Rc8 11. Re1 Nh5 12. Be3 c4 13. Ne5 b3 14. Nexc4 dxc4 15.
Bxb7 Nhf6 16. Bxc8 Qxc8 17. Ra4 Nd5 18. Rxc4 Qa8 19. Qxb3 Nxe3 20. fxe3 Bg5 21.
Nf1 O-O 22. Qb5 1-0

[Event "Tradewise Gibraltar Chess Festival 2014 "]
[Site "The Caleta Hotel - Gibraltar"]
[Date "2014.01.30"]
[Round "3.121"]
[White "Spanton, Tim R"]
[Black "Magnusdottir, Veronika Steinun"]
[Result "0-1"]
[WhiteElo "1995"]
[BlackElo "1561"]
[PlyCount "75"]
[EventDate "2014.01.28"]

1. c4 Nf6 2. g3 c6 3. Nf3 d5 4. b3 Bf5 5. Bb2 Nbd7 6. Bg2 h6 7. O-O e6 8. d3
Be7 9. Nbd2 O-O 10. Re1 Rc8 11. e4 Bh7 12. e5 Ne8 13. d4 Nc7 14. Bh3 c5 15. Rc1
cxd4 16. Nxd4 Nc5 17. Bf1 Nd3 18. Bxd3 Bxd3 19. Re3 Bh7 20. c5 Na6 21. c6 Qb6
22. cxb7 Qxb7 23. a3 Rxc1 24. Qxc1 Nc5 25. Rc3 Qb6 26. Qf1 Na4 27. Rc6 Qb8 28.
Bc1 Nc5 29. f4 Nd3 30. N2f3 Rc8 31. f5 Rxc6 32. Nxc6 Bc5+ 33. Kg2 Qxb3 34. fxe6
fxe6 35. Nd2 Qc2 36. Nd8 Be4+ 37. Kh3 Nf2+ 38. Kh4 0-1

[Event "Tradewise Gibraltar Chess Festival 2014 "]
[Site "The Caleta Hotel - Gibraltar"]
[Date "2014.01.30"]
[Round "3.122"]
[White "Mehringer, Joerg"]
[Black "Kuenitz, Klaus"]
[Result "1-0"]
[WhiteElo "1961"]
[BlackElo "1525"]
[PlyCount "51"]
[EventDate "2014.01.28"]

1. e4 e6 2. d4 d5 3. exd5 exd5 4. c4 Nf6 5. Nc3 Bb4 6. Bg5 Be6 7. c5 O-O 8. Nf3
b6 9. cxb6 cxb6 10. Bd3 Nbd7 11. O-O h6 12. Bh4 Bxc3 13. bxc3 Qc7 14. Rc1 Ne4
15. Re1 g5 16. Bg3 Nxg3 17. hxg3 Bg4 18. Qd2 Bxf3 19. gxf3 Nf6 20. Re5 Rfe8 21.
Rxg5+ hxg5 22. Qxg5+ Kf8 23. Qxf6 Qd8 24. Qh6+ Ke7 25. Re1+ Kd7 26. Bb5+ 1-0

[Event "Tradewise Gibraltar Chess Festival 2014 "]
[Site "The Caleta Hotel - Gibraltar"]
[Date "2014.01.31"]
[Round "4.16"]
[White "Cheparinov, Ivan"]
[Black "Debashis, Das"]
[Result "1/2-1/2"]
[WhiteElo "2672"]
[BlackElo "2494"]
[PlyCount "83"]
[EventDate "2014.01.28"]

1. e4 c5 2. Nf3 d6 3. d4 cxd4 4. Nxd4 Nf6 5. Nc3 a6 6. h3 e5 7. Nb3 Be7 8. Be3
O-O 9. g4 Be6 10. g5 Nfd7 11. h4 a5 12. a4 Nb6 13. Nd5 Nxd5 14. exd5 Bf5 15.
Bd3 Bxd3 16. Qxd3 Nd7 17. Nd2 f5 18. gxf6 Nxf6 19. Ne4 Nh5 20. Ng5 Bxg5 21.
hxg5 g6 22. Qb5 Rf7 23. O-O-O Nf4 24. Kb1 Qxg5 25. Bb6 Qf5 26. Bxa5 Qd7 27. Qb4
b5 28. Qd2 bxa4 29. Bb4 Rb8 30. Rhe1 h5 31. Ba3 Rb5 32. c4 Rb3 33. Re3 h4 34.
Qc2 h3 35. Rxb3 axb3 36. Qxb3 h2 37. Rh1 Qg4 38. Qg3 Qf5+ 39. Ka1 Rh7 40. Rxh2
Rxh2 41. Qxh2 Qc2 42. Qg1 1/2-1/2

[Event "Tradewise Gibraltar Chess Festival 2014 "]
[Site "The Caleta Hotel - Gibraltar"]
[Date "2014.01.31"]
[Round "4.17"]
[White "Rahman, Ziaur"]
[Black "Sutovsky, Emil"]
[Result "1/2-1/2"]
[WhiteElo "2499"]
[BlackElo "2663"]
[PlyCount "91"]
[EventDate "2014.01.28"]

1. Nf3 g6 2. c4 Bg7 3. Nc3 c5 4. g3 Nc6 5. Bg2 e6 6. d3 Nge7 7. Bd2 b6 8. Qc1
Bb7 9. O-O Nf5 10. Rb1 O-O 11. Bg5 Qb8 12. Bf4 d6 13. a3 Ne5 14. Bxe5 dxe5 15.
b4 cxb4 16. axb4 Nd4 17. Nxd4 Bxg2 18. Kxg2 exd4 19. Ne4 f5 20. Nd2 Qb7+ 21.
Kg1 Bh6 22. Qc2 e5 23. c5 Qd5 24. Qc4 Rfd8 25. f4 exf4 26. gxf4 Qxc4 27. Nxc4
bxc5 28. bxc5 Rdc8 29. Rb5 Bf8 30. Ra1 Rxc5 31. Rxc5 Bxc5 32. Ra5 Rc8 33. Kf2
Kf7 34. Ra6 Rc7 35. Kf3 Kg7 36. Kg3 Kh6 37. Kf3 Kh5 38. Kg3 Bb4 39. Kf3 Kh4 40.
e3 dxe3 41. Nxe3 Bf8 42. d4 Kh3 43. Ra2 Rd7 44. Rg2 Rxd4 45. Rg3+ Kxh2 46. Rg2+
1/2-1/2

[Event "Tradewise Gibraltar Chess Festival 2014 "]
[Site "The Caleta Hotel - Gibraltar"]
[Date "2014.01.31"]
[Round "4.19"]
[White "Raznikov, Danny"]
[Black "Agdestein, Simen"]
[Result "1/2-1/2"]
[WhiteElo "2479"]
[BlackElo "2627"]
[PlyCount "100"]
[EventDate "2014.01.28"]

1. d4 Nf6 2. c4 e6 3. Nc3 Bb4 4. e3 d5 5. a3 Bxc3+ 6. bxc3 O-O 7. cxd5 exd5 8.
Bd3 b6 9. Ne2 Ba6 10. O-O Bxd3 11. Qxd3 c5 12. f3 Re8 13. Ng3 Nbd7 14. Bb2 Rc8
15. Rae1 Qc7 16. Re2 cxd4 17. cxd4 Qc4 18. Qd2 Re6 19. e4 g6 20. Rfe1 Nf8 21.
e5 Ne8 22. Nf1 Qb3 23. Ne3 Rcc6 24. Qb4 Qxb4 25. axb4 Re7 26. Ra1 Rd7 27. Rc2
Rxc2 28. Nxc2 Rb7 29. Ne3 Nc7 30. f4 Nfe6 31. f5 gxf5 32. Nxf5 Nb5 33. Ne3 Rd7
34. Rd1 h5 35. Kf2 Kh7 36. g4 Kg6 37. Kg3 hxg4 38. Kxg4 Ng7 39. Rc1 f5+ 40. Kf3
Nc7 41. Rc6+ Nge6 42. Rd6 Rxd6 43. exd6 Ne8 44. Nxd5 Nxd6 45. Nf4+ Nxf4 46.
Kxf4 a5 47. bxa5 bxa5 48. d5 Nc4 49. Bd4 a4 50. h4 a3 1/2-1/2

[Event "Tradewise Gibraltar Chess Festival 2014 "]
[Site "The Caleta Hotel - Gibraltar"]
[Date "2014.01.31"]
[Round "4.20"]
[White "Ganguly, Surya Shekhar"]
[Black "Tari, Aryan"]
[Result "1/2-1/2"]
[WhiteElo "2619"]
[BlackElo "2408"]
[PlyCount "80"]
[EventDate "2014.01.28"]

1. e4 e5 2. Nf3 Nc6 3. Bb5 a6 4. Ba4 Nge7 5. c3 g6 6. d4 exd4 7. cxd4 b5 8. Bc2
Bg7 9. d5 Na5 10. Bd2 c5 11. Bc3 Bxc3+ 12. Nxc3 b4 13. Ne2 d6 14. Qc1 O-O 15.
Qh6 f6 16. b3 Rf7 17. h3 Bd7 18. O-O Qb6 19. Rad1 Rc8 20. Rfe1 Nb7 21. Nd2 Na5
22. Nf3 Nb7 23. Ng3 c4 24. bxc4 Rxc4 25. Bb3 Rc3 26. Ne2 Rc8 27. Nfd4 a5 28.
Nf4 a4 29. Bc2 Rc4 30. Nfe6 Bxe6 31. dxe6 Rf8 32. Qd2 Ra8 33. Re3 Qc5 34. Rf3
Qe5 35. Rg3 Kh8 36. Kh1 Qc5 37. Rf3 Qe5 38. Rg3 Qc5 39. Rf3 Qe5 40. Rg3 Qc5
1/2-1/2

[Event "Tradewise Gibraltar Chess Festival 2014 "]
[Site "The Caleta Hotel - Gibraltar"]
[Date "2014.01.31"]
[Round "4.22"]
[White "Van Kampen, Robin"]
[Black "Nakar, Eylon"]
[Result "1/2-1/2"]
[WhiteElo "2602"]
[BlackElo "2398"]
[PlyCount "76"]
[EventDate "2014.01.28"]

1. e4 e6 2. d4 d5 3. Nc3 Bb4 4. e5 c5 5. a3 Bxc3+ 6. bxc3 Ne7 7. h4 Qc7 8. h5
cxd4 9. cxd4 Qc3+ 10. Bd2 Qxd4 11. Nf3 Qe4+ 12. Be2 Nf5 13. Kf1 b6 14. Bb5+ Nd7
15. Kg1 O-O 16. Bd3 Qg4 17. h6 g6 18. Bb4 Nc5 19. Bxf5 Qxf5 20. Qd4 Ba6 21.
Bxc5 bxc5 22. Qxc5 Rfc8 23. Qd6 Be2 24. Nd4 Qg4 25. Nc6 Bf3 26. Rh2 Re8 27. Kh1
Be2 28. Re1 Qg5 29. Qb4 Bc4 30. Rh3 a6 31. a4 a5 32. Qc5 Qd2 33. Rb1 Qxc2 34.
Rb7 Qc1+ 35. Kh2 Qf4+ 36. Kg1 Qc1+ 37. Kh2 Qf4+ 38. Kg1 Qc1+ 1/2-1/2